|
|
|
|
| LEADER |
00000nam0a2200000 4500 |
| 001 |
146649 |
| 005 |
20231101221237.0 |
| 020 |
|
|
|a RU
|b 80-16438
|
| 035 |
|
|
|a (RuTPU)RU\TPU\book\158957
|
| 090 |
|
|
|a 146649
|
| 100 |
|
|
|a 20081031d1980 m y0rusy5003 ca
|
| 101 |
0 |
|
|a rus
|
| 102 |
|
|
|a RU
|
| 105 |
|
|
|a c z 000ay
|
| 200 |
1 |
|
|a О моей жизни, книгах и читателях
|f В. Ф. Панова
|
| 210 |
|
|
|a Ленинград
|c Советский писатель
|c Ленингр. отд-ние
|d 1980
|
| 215 |
|
|
|a 272 с.
|c портр.
|d 20 см.
|
| 610 |
1 |
|
|a Русская советская литература
|
| 610 |
1 |
|
|a биографическая проза
|
| 675 |
|
|
|a Р2
|z rus
|
| 700 |
|
1 |
|a Панова
|b В. Ф.
|c русский прозаик, драматург, киносценарист
|f 1905-1973
|g Вера Федоровна
|2 stltpush
|3 (RuTPU)RU\TPU\pers\15434
|9 5346
|
| 801 |
|
0 |
|a RU
|b RuMRKP
|c 19950704
|g psbo
|
| 801 |
|
1 |
|a RU
|b 63413507
|c 20081031
|g PSBO
|
| 801 |
|
2 |
|a RU
|b 63413507
|c 20081031
|g PSBO
|
| 942 |
|
|
|c BK
|